| 000 -LEADER |
| fixed length control field |
00469nam a22001817a 4500 |
| 008 - FIXED-LENGTH DATA ELEMENTS--GENERAL INFORMATION |
| fixed length control field |
210111b ||||| |||| 00| 0 eng d |
| 020 ## - INTERNATIONAL STANDARD BOOK NUMBER |
| International Standard Book Number |
9788120340824 |
| 082 ## - DEWEY DECIMAL CLASSIFICATION NUMBER |
| Classification number |
670 |
| Item number |
KAU |
| 100 ## - MAIN ENTRY--PERSONAL NAME |
| Personal name |
Kaushish, J. P. |
| 245 ## - TITLE STATEMENT |
| Title |
Manufacturing processes |
| 250 ## - EDITION STATEMENT |
| Edition statement |
2nd Ed. |
| 260 ## - PUBLICATION, DISTRIBUTION, ETC. (IMPRINT) |
| Place of publication, distribution, etc |
New Delhi |
| Name of publisher, distributor, etc |
PHI learning pvt. ltd. |
| Date of publication, distribution, etc |
2010 |
| 300 ## - PHYSICAL DESCRIPTION |
| Extent |
xxvii, 1007p. |
| Other physical details |
Pbc |
| 650 ## - SUBJECT ADDED ENTRY--TOPICAL TERM |
| Topical term or geographic name as entry element |
Machine-tools |
| 650 ## - SUBJECT ADDED ENTRY--TOPICAL TERM |
| Topical term or geographic name as entry element |
Manufacturing processes |
| 650 ## - SUBJECT ADDED ENTRY--TOPICAL TERM |
| Topical term or geographic name as entry element |
Metal-work |
| 942 ## - ADDED ENTRY ELEMENTS (KOHA) |
| Item type |
Books |